000 07909cam a22020174i 4500
003 PE-LiUPU
005 20250813165919.0
008 150706s2011 sp a r 000 0 spa d
020 _a9788496140370
_q(obra completa)
020 _a9788496140356
_q(volumen 1)
020 _a9788496140363
_q(volumen 2)
035 _a(Sirsi) i9788496140356
040 _aPE-LiUPU
_bspa
_cPE-LiUPU
_erda
049 _aPRUA
082 0 4 _a624.19
_bM2
_221
100 1 _aLópez Jimeno, Carlos,
_eautor.
245 1 0 _aManual de túneles y obras subterráneas.
_n1 /
_cFernando Abadía Anadón. [et al.] ; editor Carlos López Jimeno.
264 1 _aMadrid :
_bU.D. Proyectos, E.T.S.I. Minas, Universidad Politécnica de Madrid,
_c2011.
300 _a2 Volúmenes :
_bilustraciones ;
_c25 centímetros
336 _atext
_2rdacontent
337 _aunmediated
_2rdamedia
338 _avolume
_2rdacarrier
504 _aIncluye indice.
504 _aIncluye referencias bibliográficas.
505 0 _gVolumen 1.
_aHistoria de los túneles y su evolución tecnológica -- El proyecto de túneles -- Túneles de carretera -- Túneles ferroviarios -- Túneles metropolitanos -- Túneles inclinados -- Túneles hidráulicos -- Túneles sumergidos -- Influencia de las condiciones geológicas del terreno en el diseño y construcción de túneles -- El riesgo geotécnico en túneles -- Caracterización geotécnica de suelos -- Caracterización geomecánica de macizos rocosos -- Clasificación de los terrenos según su excavabilidad -- Organización de los trabajos de ejecución de túneles -- Excavación convencional en terrenos blandos -- Excavación con rozadoras -- Excavación con tuneladoras -- Otros métodos de excavación -- Excavación mecánica de pozos y chimeneas -- Excavación con perforación y voladura -- Evaluación y control geotécnico -- Equipos de desescombro -- Concepto y diseño del sostenimiento de túneles -- Sostenimiento con bulones -- Sostenimiento con hormigón proyectado.
505 0 _gVolumen 2.
_aSostenimiento con cerchas metálicas y otros sistemas -- Desagüe e impermeabilización de túneles -- Tratamientos de mejora del terreno -- Revestimiento con hormigón y dovelas -- Emboquille de túneles -- Túneles en terrenos expansivos -- Túneles en terrenos kársticos -- Túneles en terrenos deformables y a gran profundidad -- Túneles en terrenos con fallas -- Túneles de gran longitud -- Túneles ubicados en zonas sísmicas -- Control de calidad durante la construcción -- Subsidencia producida por los túneles -- Estimación del daño potencial sobre las edificaciones inducidas por las subsidencias -- Auscultación de túneles -- Ventilación de túneles -- Instalaciones especificas de obra para la ejecución de túneles -- Medidas de seguridad durante la construcción de túneles -- Instalaciones de servicios auxiliares -- Iluminación de túneles -- Reparación y construcción de túneles -- Mantenimiento de túneles -- Incendios en túneles. Prevención y extinción -- Aspectos medioambientales de la construcción y explotación de túneles -- La accesibilidad a los túneles y obras subterráneas -- Estética e integración en el entorno de túneles y espacios subterráneos -- Criterios para la construcción de cavernas -- Hinca de tubería o empuje de tubos -- El futuro de las obras subterráneas.
526 _aP203
526 _aP200
526 _aSEG65
526 _aSEG64
526 _aSEG63
526 _aSEG62
526 _aSEG61
526 _aSEG60
526 _aSEG59
526 _aSEG58
526 _aSEG57
526 _aSEG56
526 _aSEG55
526 _aSEG54
526 _aSEG53
526 _aSEG52
526 _aSEG51
526 _aSEG50
526 _aSEG49
526 _aSEG48
526 _aSEG47
526 _aSEG46
526 _aSEG24
526 _aSEG23
526 _aSEG22
526 _aSEG21
526 _aSEG20
526 _aSEG19
526 _aSEG18
526 _aSEG17
526 _aSEG16
526 _aSEG14
526 _aSEG13
526 _aSEG12
526 _aSEG11
526 _aSEG10
526 _aSEG09
526 _aSEG06
526 _aSEG05
526 _aSEG04
526 _aSEG03
526 _aSEG02
526 _aSEG68
526 _aSEG66
526 _aSEG45
526 _aSEG25
526 _aSEG01
526 _aP163
526 _aP162
526 _aP161
526 _aP160
526 _aP159
526 _aP158
526 _aP157
526 _aP156
526 _aP155
526 _aP154
526 _aP153
526 _aP152
526 _aP151
526 _aP150
526 _aP149
526 _aP142
526 _aP141
526 _aP140
526 _aP139
526 _aP138
526 _aP137
526 _aP132
526 _aP131
526 _aP130
526 _aP126
526 _aP125
526 _aP124
526 _aP123
526 _aP115
526 _aP122
526 _aP121
526 _aP116
526 _a P114
526 _aP112
526 _aP111
526 _aP104
526 _aP103
526 _aP102
526 _aP101
526 _aP100
526 _aP96
526 _aP95
526 _aP93
526 _aP92
526 _aP91
526 _aP88
526 _aP83
526 _aP82
526 _aP79
526 _aP78
526 _aP75
526 _aP74
526 _aP71
526 _aP69
526 _a P51
526 _aP49
526 _aP48
526 _aP47
526 _aP33
526 _aP31
526 _a P30
526 _aP29
526 _aP27
526 _aP26
526 _aP25
526 _aP24
526 _a P22
526 _aP10
526 _aP09
526 _a P08
526 _aP06
526 _aP05
526 _aP04
526 _aP01
541 _g015-001535;
541 _gF001-0000833;
650 0 4 _aTúneles
_vManuales.
650 0 4 _aConstrucciones subterráneas
_vManuales.
650 0 4 _aConstrucción de túneles
_vManuales.
650 0 4 _aTúneles
_xVentilación
_vManuales.
650 0 4 _aExcavaciones
_vManuales.
650 0 4 _aConstrucción subterránea.
700 1 _aLópez Jimeno, Carlos,
_eed
710 2 _aEscuela Técnica Superior de Ingenieros de Minas.Universidad Politécnica de Madrid
_bEscuela Técnica Superior de Ingenieros de Minas
_bU.D. Proyectos
_eed.
700 1 _aAbadía Anadón, Fernando,
_eautor.
700 1 _aAlberto Abella Suárez,
_eautor.
910 _cjck
_d20130530
910 _armch
_bwelc
_cwelc
_d20190211
942 _2ddc
_cBOOK
949 _a624.19 M2 1
_wDEWEY
_c1
_i67349
_lCCODEBUL1
_mBUL
_p144.00
_r0
_sY
_tBOOK
_u2015-7-6
_xINGENIERIA
_PP25
_o.STAFF. Colección General
949 _a624.19 M2 T1 2011
_wDEWEY
_c1
_iFJ12646
_lCCODEBUJ1
_mBUJ
_p84.34
_r0
_sY
_tBOOK
_u2019-02-11
_xINGENIERIA
_PP25
_0COMPRA
_o.STAFF. Colección General Juliaca
949 _a624.19 M2 T2 2011
_wDEWEY
_c1
_iFJ12647
_lCCODEBUJ1
_mBUJ
_p84.34
_r0
_sY
_tBOOK
_u2019-02-11
_xINGENIERIA
_PP25
_0COMPRA
_o.STAFF. Colección General Juliaca
994 _aC0
_bPEPRU
596 _a1 3
999 _a624.19 M2 1
_wDEWEY
_c55020
_i67349
_d55020
_e2017-4-4
_f2021-11-9
_g7
_lCCODEBUL1
_mBUL
_n2
_p144.00
_q2
_r0
_sY
_tBOOK
_u2015-7-6
_xINGENIERIA
_PP25
_0COMPRA
_o.STAFF. Colección Ingeniería y Arquitectura
999 _a624.19 M2 T1 2011
_wDEWEY
_c1
_iFJ12646
_d2019-4-25
_e2019-4-22
_f2022-1-26
_g3
_lCCODEBUJ1
_mBUJ
_n2
_p84.34
_q3
_r0
_sY
_tBOOK
_u2019-2-11
_xINGENIERIA
_PP25
_0COMPRA
_1FCOMPR2
_o.STAFF. Colección General Juliaca
999 _a624.19 M2 T2 2011
_wDEWEY
_c1
_iFJ12647
_f2022-1-26
_g3
_lCCODEBUJ1
_mBUJ
_p84.34
_r0
_sY
_tBOOK
_u2019-2-11
_xINGENIERIA
_PP25
_0COMPRA
_1FCOMPR2
_o.STAFF. Colección General Juliaca
980 _81
_gALBERTO SANCHEZ Responsable de Automatización